[Event "7. LGA Premium Cup"]
[Site "Nürnberg"]
[Date "2010.09.04"]
[Round "5.79"]
[White "Schweisgut, Jens"]
[Black "Adler, Herbert"]
[Result "0-1"]
[WhiteElo "1790"]
[BlackElo "2006"]
[PlyCount "97"]
[EventDate "2010.09.02"]
[WhiteTeam "SV Alsfeld"]
[BlackTeam "SG Büchenbach/Roth e.V."]

1. e4 e6 2. d4 d5 3. exd5 exd5 4. c4 Nf6 5. Nc3 Be7 6. Bd3 O-O 7. Nge2 Bg4 8.
O-O Nbd7 9. Be3 dxc4 10. Bxc4 Nb6 11. Bd3 Bh5 12. Qc2 Bg6 13. Bxg6 hxg6 14.
Rac1 Nbd5 15. Nxd5 Nxd5 16. Nc3 c6 17. Nxd5 Qxd5 18. Qc4 {(=)} Rad8 19. b3 Rd7
20. Rfd1 Rfd8 21. Rc3 c5 22. Rcd3 Bf6 23. Qxd5 Rxd5 24. f3 Kf8 25. Kf1 cxd4 26.
Bf2 g5 27. h3 Be5 28. Be3 f6 29. Bf2 Kf7 30. g3 f5 31. Kg2 R8d6 32. Be3 Kg6 33.
f4 gxf4 34. Bxf4 Bxf4 35. gxf4 Kf7 36. Kf3 Ke7 37. Rg1 g6 38. Rgd1 Rc5 39. Ke2
Rc2+ 40. R1d2 Re6+ 41. Kd1 Rxd2+ 42. Kxd2 Re4 43. Rf3 Kd6 44. Kd3 Kc5 45. a3 a5
46. Kd2 a4 47. Kd1 Re3 48. Rxe3 dxe3 49. Ke2 0-1

[Event "7. LGA Premium Cup"]
[Site "Nürnberg"]
[Date "2010.09.04"]
[Round "5.80"]
[White "Zeitler, Hans-Jürgen"]
[Black "Krawczyk, Harald"]
[Result "1-0"]
[WhiteElo "1970"]
[BlackElo "1723"]
[PlyCount "75"]
[EventDate "2010.09.02"]
[WhiteTeam "SC Waischenfeld"]
[BlackTeam "SV Rot-Weiß Neuenhagen"]

1. d4 d5 2. c4 c6 3. Nf3 Nf6 4. Nc3 e6 5. Bg5 Be7 6. e3 Nbd7 7. Rc1 O-O 8. Bd3
h6 9. Bh4 Re8 10. O-O c5 11. cxd5 exd5 12. dxc5 Nxc5 13. Bb1 Nce4 14. Nb5 Nd7
15. Bxe7 Rxe7 16. Nc7 Ndf6 17. Nxa8 Bg4 18. Bxe4 Nxe4 19. h3 Be6 20. Qc2 Qxa8
21. Nd4 Qf8 22. Qa4 Qb8 23. Rc2 Bd7 24. Qb3 Qe5 25. Qa3 Qg5 26. Nf3 Qf6 27. Kh2
Ng5 28. Nxg5 Qxg5 29. f4 Qf6 30. Qxa7 Bxh3 31. gxh3 g5 32. Qd4 Qd6 33. Rc8+ Kh7
34. Rh8+ Kg6 35. Kg2 Re4 36. f5+ Kh5 37. Qd1+ g4 38. Rf4 1-0

[Event "7. LGA Premium Cup"]
[Site "Nürnberg"]
[Date "2010.09.04"]
[Round "5.81"]
[White "Babichev, Vyacheslav"]
[Black "Ortpaul, Mario"]
[Result "0-1"]
[WhiteElo "1785"]
[BlackElo "1958"]
[PlyCount "150"]
[EventDate "2010.09.02"]
[WhiteTeam "SW Nürnberg Süd e.V."]
[BlackTeam "Schachklub Halle 1946 e.V."]

1. e4 d5 2. exd5 Qxd5 3. Nc3 Qd6 4. d4 Nf6 5. Nf3 c6 6. Bc4 Be6 7. Be2 g6 8.
Ne5 Bg7 9. Bf4 Qb4 10. Qd2 O-O 11. O-O Nbd7 12. a3 Qb6 13. Na4 Qd8 14. Qb4 Nd5
15. Qd2 Nxf4 16. Qxf4 Nxe5 17. dxe5 Qb8 18. Qh4 Qxe5 19. Nc3 Bf5 20. Rfe1 Qf6
21. Qb4 Rab8 22. Bd3 Bxd3 23. cxd3 Rfe8 24. Re2 Qd6 25. Qe4 Rbd8 26. Re3 Qd4
27. Rae1 Qxe4 28. dxe4 Rd2 29. b4 Red8 30. Nb1 Rd1 31. Kf1 R1d3 32. R3e2 Rb3
33. e5 Rd5 34. f4 e6 35. Ra2 g5 36. g3 gxf4 37. gxf4 Bh6 38. Rg2+ Kf8 39. Rg3
Rdd3 40. Kg2 Bxf4 41. Rxd3 Rxd3 42. Re4 Bc1 43. Rc4 Bb2 44. a4 Rd1 45. b5 cxb5
46. axb5 Rxb1 47. Rc7 Bxe5 48. Rxb7 Bd4 49. h4 Bb6 50. Kg3 Rxb5 51. Kg4 h5+ 52.
Kh3 a5 53. Rb8+ Kg7 54. Ra8 Rb3+ 55. Kg2 Ra3 56. Rb8 Bd4 57. Rb5 e5 58. Rb8 a4
59. Kh1 Ra1+ 60. Kg2 a3 61. Ra8 Bb2 62. Kh2 a2 63. Kg2 Rg1+ 64. Kxg1 a1=Q+ 65.
Rxa1 Bxa1 66. Kf2 f5 67. Kf3 Kf6 68. Kg3 e4 69. Kf4 Bb2 70. Kg3 Ke5 71. Kg2 Kf4
72. Kh3 Kf3 73. Kh2 Kf2 74. Kh3 e3 75. Kh2 e2 0-1

[Event "7. LGA Premium Cup"]
[Site "Nürnberg"]
[Date "2010.09.04"]
[Round "5.82"]
[White "Wettermann, Bernd"]
[Black "Wittenbrock, Frank"]
[Result "1-0"]
[WhiteElo "1768"]
[BlackElo "1937"]
[PlyCount "61"]
[EventDate "2010.09.02"]
[WhiteTeam "FC Konradsreuth"]
[BlackTeam "Schachklub Halle 1946 e.V."]

1. e4 e6 2. Qe2 c5 3. Nf3 Nc6 4. g3 b6 5. Bg2 Bb7 6. O-O Be7 7. c3 Nf6 8. e5
Nd5 9. d4 cxd4 10. Nxd4 Nxd4 11. cxd4 Rb8 12. Qg4 g6 13. Bh6 f5 14. exf6 Bxf6
15. Nd2 Qe7 16. Rac1 Bg7 17. Bf4 Nf6 18. Qh4 Bxg2 19. Kxg2 Ra8 20. Nc4 Ne4 21.
Qxe7+ Kxe7 22. Rfe1 d5 23. f3 Bxd4 24. fxe4 dxc4 25. Rxc4 e5 26. Bg5+ Kd6 27.
Rec1 Rab8 28. Rc6+ Kd7 29. Rc7+ Ke8 30. Re7+ Kf8 31. Rcc7 1-0

[Event "7. LGA Premium Cup"]
[Site "Nürnberg"]
[Date "2010.09.04"]
[Round "5.83"]
[White "Bonk, Andras"]
[Black "Hirschberg, Leander"]
[Result "1-0"]
[WhiteElo "1859"]
[BlackElo "1705"]
[PlyCount "87"]
[EventDate "2010.09.02"]
[WhiteTeam "SV Mendig-Mayen e.V."]
[BlackTeam "SV Pfinztal e. V."]

1. e4 c5 2. Nf3 Nc6 3. d4 cxd4 4. Nxd4 Nf6 5. Nc3 e5 6. Ndb5 d6 7. Nd5 Nxd5 8.
exd5 Nb8 9. c4 Nd7 10. Be3 a6 11. Nc3 Be7 12. Bd3 O-O 13. Qc2 g6 14. O-O f5 15.
f4 e4 16. Be2 Bf6 17. b4 a5 18. a3 b6 19. Rac1 Bxc3 20. Qxc3 Ba6 21. Rfe1 Rc8
22. Qb3 axb4 23. axb4 h6 24. Ra1 Ra8 25. Ra3 Qc7 26. Rea1 Bb7 27. Ra7 Rxa7 28.
Rxa7 Ra8 29. Qa4 Qc8 30. Rxa8 Bxa8 31. Qb5 Qc7 32. Bd1 Bb7 33. Ba4 Bc8 34. Qc6
Qb8 35. Bb5 Kf8 36. c5 bxc5 37. bxc5 Ke7 38. cxd6+ Kd8 39. Bd4 Qb7 40. h4 h5
41. Kh2 Qb8 42. Be5 Qb7 43. Qc7+ Ke8 44. Bxd7+ 1-0

[Event "7. LGA Premium Cup"]
[Site "Nürnberg"]
[Date "2010.09.04"]
[Round "5.84"]
[White "Matuschek, Thomas"]
[Black "Madlo-Thiess, Franziska"]
[Result "1/2-1/2"]
[WhiteElo "1763"]
[BlackElo "1906"]
[PlyCount "133"]
[EventDate "2010.09.02"]
[WhiteTeam "SG Siemens Amberg"]
[BlackTeam "SC Erlangen 48/88"]

1. Nf3 c5 2. b3 Nf6 3. Bb2 e6 4. e3 d5 5. d4 cxd4 6. Bxd4 Nbd7 7. Be2 Bd6 8.
O-O O-O 9. Nbd2 Qe7 10. Bb2 Ba3 11. Bxa3 Qxa3 12. c4 Nc5 13. Qc2 b6 14. cxd5
exd5 15. Nd4 Nce4 16. Nxe4 dxe4 17. Rfd1 Qa5 18. h4 Qe5 19. Nc6 Qc7 20. Nd4 Qe7
21. Nc6 Qb7 22. Nd8 Qe7 23. Nc6 Qa3 24. Qc1 Qxc1 25. Raxc1 Bg4 26. Kf1 h5 27.
Bxg4 Nxg4 28. Rd5 g6 29. Rd6 Kg7 30. Nd4 Ne5 31. Ne2 Rfc8 32. Rdd1 Nd3 33. Rxc8
Rxc8 34. Rd2 Rc7 35. f3 f5 36. fxe4 fxe4 37. g3 Kf6 38. Nf4 Rc1+ 39. Kg2 Rc2
40. Rxc2 Ne1+ 41. Kf2 Nxc2 42. Nd5+ Ke6 43. Nc7+ Ke5 44. Nb5 a5 45. Nc3 Nb4 46.
Ke2 Nd3 47. Kf1 Nc5 48. Ke2 Kf5 49. Kf2 g5 50. hxg5 Kxg5 51. Kg1 Kf5 52. Nd5
Kg4 53. Kg2 b5 54. b4 axb4 55. Nxb4 Na4 56. Nd5 Kf5 57. Kf2 Nc5 58. a3 Na4 59.
Kg2 Kg5 60. Kh3 Nb2 61. Nc3 Nc4 62. Nxe4+ Kf5 63. Nc3 Nxa3 64. Kh4 b4 65. Nd1
Kg6 66. g4 hxg4 67. Kxg4 1/2-1/2

[Event "7. LGA Premium Cup"]
[Site "Nürnberg"]
[Date "2010.09.04"]
[Round "5.85"]
[White "Mehringer, Jörg"]
[Black "Beesk, Kevin"]
[Result "1/2-1/2"]
[WhiteElo "1904"]
[BlackElo "1547"]
[PlyCount "77"]
[EventDate "2010.09.02"]
[WhiteTeam "SC Weisse Dame e.V."]
[BlackTeam "SK Neumarkt e.V."]

1. e4 e5 2. Nf3 Nc6 3. Bc4 Bc5 4. b4 Bb6 5. O-O Qe7 6. c3 Nf6 7. d4 d6 8. h3
O-O 9. Bg5 a6 10. d5 Nb8 11. Nbd2 h6 12. Bh4 Nbd7 13. Kh1 Qe8 14. Nh2 Nh7 15.
Bd3 Kh8 16. Rc1 a5 17. Bb1 f6 18. f4 exf4 19. Bf2 Bxf2 20. Rxf2 Ne5 {(=)} 21.
Rxf4 Bd7 22. Qe2 axb4 23. cxb4 Bb5 24. Qe3 Qd7 25. Nb3 Rfc8 26. Nd4 Nc4 27. Qf2
Na3 28. Bc2 Nxc2 29. Qxc2 Nf8 30. Rf3 Ba4 31. Qd2 c6 32. Rfc3 cxd5 33. exd5 Ng6
34. Ne6 Rxc3 35. Qxc3 Ne7 {(=)} 36. Qd2 Rc8 37. Rxc8+ Qxc8 38. Ng4 Qc2 39. Qxc2
1/2-1/2

[Event "7. LGA Premium Cup"]
[Site "Nürnberg"]
[Date "2010.09.04"]
[Round "5.86"]
[White "Walch, Roger"]
[Black "Hoffmann, Ayar"]
[Result "0-1"]
[WhiteElo "1734"]
[BlackElo "1782"]
[PlyCount "54"]
[EventDate "2010.09.02"]
[WhiteTeam "SW Nürnberg Süd e.V."]
[BlackTeam "SC Postbauer-Heng e.V"]

1. e4 g6 2. d4 d6 3. Bc4 e6 4. Nc3 Bg7 5. Be3 c6 6. Bd3 Ne7 7. Qd2 Nd7 8. Nge2
b6 9. O-O Bb7 10. Bg5 h6 11. Be3 Qc7 12. f4 f5 13. Ng3 h5 14. exf5 exf5 15.
Rae1 h4 16. Nge2 Nf6 17. h3 O-O-O 18. Nd1 d5 19. Qb4 Bf8 20. Qa4 Kb8 21. c4
dxc4 22. Qxc4 Ned5 23. Bd2 Bd6 24. Nec3 Nb4 25. Qe6 Nxd3 26. Qxf6 Nxe1 27. Bxe1
Qe7 0-1

[Event "7. LGA Premium Cup"]
[Site "Nürnberg"]
[Date "2010.09.04"]
[Round "5.88"]
[White "Balhar, Michael"]
[Black "Forster, Stephan"]
[Result "1-0"]
[WhiteElo "1812"]
[BlackElo "1521"]
[PlyCount "57"]
[EventDate "2010.09.02"]
[WhiteTeam "SC Erlangen 48/88"]
[BlackTeam "SG Siemens Amberg"]

1. e4 c5 2. Nf3 Nc6 3. Bb5 g6 4. O-O a6 5. Bxc6 bxc6 6. d3 Bg7 7. c3 e6 8. Be3
d6 9. Qc1 Rb8 10. Nbd2 Ne7 11. Re1 O-O 12. Nf1 Re8 13. Bh6 d5 14. Bxg7 Kxg7 15.
Ng3 Qc7 16. Qg5 Rh8 17. Nh5+ Kg8 18. Nf6+ Kg7 19. Ne5 h6 20. Qf4 Rf8 21. Ne8+
Rxe8 22. Qxf7+ Kh8 23. Nxg6+ Nxg6 24. Qxc7 Bb7 25. Qf7 Ne7 26. Re3 Ng8 27. Rg3
Re7 28. Rxg8+ Rxg8 29. Qxe7 1-0

[Event "7. LGA Premium Cup"]
[Site "Nürnberg"]
[Date "2010.09.04"]
[Round "5.89"]
[White "Dreiseitel, Werner"]
[Black "Schlötterer, Hermann"]
[Result "0-1"]
[WhiteElo "1487"]
[BlackElo "1980"]
[PlyCount "62"]
[EventDate "2010.09.02"]
[WhiteTeam "SC Noris-Tarrasch Nürnberg 1873"]
[BlackTeam "SC Noris-Tarrasch Nürnberg 1873"]

1. b3 g6 2. Bb2 Nf6 3. c4 Bg7 4. Nf3 d6 5. d4 c6 6. Nbd2 O-O 7. e4 e5 8. Be2
exd4 9. Bxd4 Qe7 10. Qc2 Na6 11. a3 Nc5 12. O-O Ncxe4 13. Nxe4 Qxe4 14. Bd3 Qg4
15. h3 Qh5 16. Nh2 Bxh3 17. gxh3 Qxh3 18. f3 Rfe8 19. Rf2 Qh4 20. Bc3 Bh6 21.
Bd2 Bg7 22. Raf1 Nh5 23. Ng4 Bd4 24. Ne3 Rxe3 25. Bxe3 Bxe3 26. Re1 Re8 27.
Rxe3 Rxe3 28. Rg2 Nf4 29. Rg4 Re1+ 30. Bf1 Qf6 31. Qd2 Ne2+ 0-1

[Event "7. LGA Premium Cup"]
[Site "Nürnberg"]
[Date "2010.09.04"]
[Round "5.90"]
[White "Zeug, Klaus-Peter"]
[Black "Anicic, Dragan"]
[Result "0-1"]
[WhiteElo "1440"]
[BlackElo "1468"]
[PlyCount "104"]
[EventDate "2010.09.02"]
[WhiteTeam "SK Nürnberg 1911 e.V."]
[BlackTeam "SC Noris-Tarrasch Nürnberg 1873"]

1. e4 c5 2. Nc3 d6 3. f4 Nc6 4. Nf3 Bg4 5. Be2 Nf6 6. h3 Bxf3 7. Bxf3 e6 8. d3
a6 9. Be3 Be7 10. Qd2 Nd4 11. Bxd4 cxd4 12. Ne2 e5 13. fxe5 dxe5 14. O-O O-O
15. c3 Ne8 16. cxd4 Bg5 17. Qe1 Be3+ 18. Kh1 exd4 19. Qg3 Rc8 20. e5 Rc2 21.
Rab1 Qb6 22. Nf4 Bxf4 23. Qxf4 Rxb2 24. Rxb2 Qxb2 25. Bd5 Qe2 26. Bxf7+ Kh8 27.
Rf3 Qe1+ 28. Kh2 Qb4 29. Qg5 h6 30. Qg6 Qc5 31. e6 Qe5+ 32. Qg3 Qc5 33. Qh4
Qc7+ 34. Rg3 Nf6 35. Qxd4 Rd8 36. Qc4 Qe7 37. Rf3 Qd6+ 38. Kh1 b5 39. Qc1 Qe7
40. Qd1 b4 41. Qa4 Qd6 42. Qb3 Rc8 43. Rf1 Rc3 44. Qb1 Rxd3 45. Re1 Ne4 46. Rc1
Ng3+ 47. Kg1 Ne2+ 48. Kh1 Nxc1 49. Bh5 Qc6 50. e7 Rxh3+ 51. Kg1 Qc5+ 52. Kf1
Rh1# 0-1

[Event "7. LGA Premium Cup"]
[Site "Nürnberg"]
[Date "2010.09.04"]
[Round "5.91"]
[White "Münzenberg, Dietrich"]
[Black "Bilchinski, Anton"]
[Result "0-1"]
[WhiteElo "1604"]
[BlackElo "1713"]
[PlyCount "72"]
[EventDate "2010.09.02"]
[WhiteTeam "Spvg Zabo-Eintracht Nürnberg e.V"]
[BlackTeam "SK 1908 Göggingen"]

1. d4 Nf6 2. Bg5 Ne4 3. Bf4 d5 4. f3 Nf6 5. c4 e6 6. Nc3 Bd6 7. Nh3 Bxf4 8.
Nxf4 O-O 9. e3 c6 10. Bd3 Re8 11. O-O b6 12. e4 dxe4 13. fxe4 Qxd4+ 14. Kh1 e5
15. Nfe2 Qd8 16. h3 Na6 17. Rc1 Be6 18. b3 Qd7 19. Bc2 Rad8 20. Qe1 Nb4 21. Qg3
Kh8 22. Bb1 Qc7 23. a3 Na6 24. Qg5 h6 25. Qh4 Qe7 26. Ng3 Nh7 27. Qh5 Qg5 28.
Qf3 Nf6 29. Nf5 Bxf5 30. exf5 Nb8 31. Ne4 Nxe4 32. Bxe4 Qf6 33. Rcd1 Rd4 34.
Rxd4 exd4 35. Rd1 c5 36. Rd3 Nd7 {Weitere Notation ist unklar} 0-1

[Event "7. LGA Premium Cup"]
[Site "Nürnberg"]
[Date "2010.09.04"]
[Round "5.92"]
[White "Dreiseitel, Ursula"]
[Black "Kurz, Leonhard"]
[Result "0-1"]
[WhiteElo "1533"]
[BlackElo "1599"]
[PlyCount "66"]
[EventDate "2010.09.02"]
[WhiteTeam "SC Noris-Tarrasch Nürnberg 1873"]
[BlackTeam "SK Nürnberg 1911 e.V."]

1. d4 Nf6 2. c4 e6 3. Nc3 d5 4. Bg5 c6 5. a3 dxc4 6. e3 b5 7. a4 b4 8. Na2 Qa5
9. Bxc4 Qxg5 10. g3 Bb7 11. Nf3 Qh5 12. Be2 Qh6 13. Rc1 a5 14. Ne5 Bd6 15. O-O
Bxe5 16. dxe5 Nd5 17. Bf3 O-O 18. Rc4 g6 19. Rg4 Na6 20. Nc1 Rad8 21. Qe2 Qg7
22. Nd3 Rd7 23. h4 Rfd8 24. Rd1 Ne7 25. h5 Nf5 26. hxg6 hxg6 27. Rg5 c5 28. e4
Nd4 29. Qe3 Nxf3+ 30. Qxf3 c4 31. Qg4 Rxd3 32. Rf1 Nc5 33. f3 Rd1 0-1

[Event "7. LGA Premium Cup"]
[Site "Nürnberg"]
[Date "2010.09.04"]
[Round "5.93"]
[White "Belich, Maxim"]
[Black "Ratscheu, Stefan"]
[Result "1-0"]
[WhiteElo "1591"]
[BlackElo "1307"]
[PlyCount "109"]
[EventDate "2010.09.02"]
[WhiteTeam "SW Nürnberg Süd e.V."]
[BlackTeam "SC Postbauer-Heng e.V"]

1. d4 Nf6 2. c4 g6 3. Nc3 Bg7 4. e4 d6 5. f4 O-O 6. Nf3 Bg4 7. h3 Bxf3 8. Qxf3
Nc6 9. Be3 e6 10. O-O-O Nd7 11. Be2 f5 12. e5 Rb8 13. h4 Ne7 14. h5 dxe5 15.
fxe5 c6 16. hxg6 Nxg6 17. Rh5 f4 18. Bf2 Rf5 19. Bd3 Rxh5 20. Qxh5 Ndf8 21. Ne4
Qa5 22. Kb1 b5 23. Nf6+ Bxf6 24. exf6 Rb7 25. Qg5 Qa4 26. b3 Qb4 27. Be1 Qd6
28. Bc3 b4 29. Bb2 Qd7 30. Kc2 Qd6 31. Be4 Rd7 32. Qc5 Qxc5 33. dxc5 Rxd1 34.
Kxd1 Nd7 {(=)} 35. Bxc6 Nxc5 36. Bd4 Nd3 37. Bxa7 Kf7 38. Be4 Nde5 39. Bc5 Ng4
40. Bxg6+ hxg6 41. Bxb4 Ne3+ 42. Ke2 Kxf6 43. Kf3 g5 44. a4 Nc2 45. Bc3+ e5 46.
a5 Nd4+ 47. Bxd4 exd4 48. Ke4 Ke6 49. Kxd4 g4 50. Ke4 f3 51. Ke3 Kd6 52. b4 Kc6
53. Kf2 Kc7 54. gxf3 gxf3 55. Kxf3 1-0